[Event "Vienna GM February 2022"]
[Site "Vienna"]
[Date "2022.02.22"]
[Round "6.4"]
[White "Nagy, Gabor"]
[Black "Baenziger, Fabian"]
[Result "1-0"]
[WhiteElo "2530"]
[BlackElo "2418"]
[Annotator "TA"]
[PlyCount "107"]
[EventDate "2022.02.16"]
[EventType "tourn"]
[EventCountry "AUT"]
[SourceTitle "playchess.com"]
[Source "ChessBase"]
[SourceQuality "1"]

{[%evp 9,107,12,29,18,8,10,22,14,16,26,27,25,31,15,5,10,51,40,47,39,46,35,45,12,26,0,0,0,92,88,94,90,99,93,90,89,102,92,97,98,104,81,72,85,102,68,89,38,224,223,223,217,281,297,304,304,304,304,304,297,293,276,265,266,254,253,297,297,357,339,370,370,370,370,423,370,552,509,491,495,474,464,488,472,446,440,606,612,658,659,693,645,723,613,694,670,1294,1214,1591,1446]} 1. c4 e5 2. g3 Nf6 3. Bg2 c6 4. Nf3 e4 5. Nd4 {[%cal Bf3d4,Bd4b3,Bb3d4][%mdl 32]} Qb6 6. Nb3 {A20: English Opening: 1...e5.} a5 {[%cal Ba7a5,Ba5a4,Ba4a3,Ba3b2][%mdl 32] Threatens to win with ...a4.} 7. d3 Bb4+ 8. Nc3 {Black should prevent Be3. The position is equal.} a4 $1 {[#]} (8... Bxc3+ 9. bxc3 O-O 10. dxe4 $16) 9. Be3 $1 Qa6 10. Nd4 (10. Nc5 $2 Qa5 11. Nxb7 (11. N5xe4 $2 Nxe4 12. O-O Nxc3 $19) 11... Bxb7 $19) 10... a3 {[#]} 11. Qb3 $146 ({Predecessor:} 11. Qc2 Qa5 12. Bd2 Qe5 13. bxa3 Rxa3 14. Nb3 exd3 15. Qxd3 O-O 16. O-O Na6 17. f4 {1-0 (39) Damianou,I (1962)-Klerides,P (2173) Larnaca 2019}) 11... axb2 12. Rb1 (12. Qxb2 $2 Qa3 13. Qxa3 Rxa3 $19) 12... Qa5 (12... Qa3 $11 {is superior.} 13. Bd2 exd3) 13. Bd2 $14 exd3 14. exd3 O-O 15. O-O $1 Na6 16. Qxb2 Qh5 17. Ne4 Nxe4 18. Bxb4 Nxb4 (18... Nec5 $1 $11 19. Bc3 (19. Bf3 Qg6 $15) 19... Qg6) 19. dxe4 $16 (19. Qxb4 $6 Nf6 20. Qd6 Qg6 $11) 19... Qe5 {[%cal Oa8a2]} 20. Rfd1 $36 {[%mdl 2048] Keeping Black busy.} d6 21. f4 Qf6 22. Qxb4 c5 23. Qd2 (23. Qb3 {seems wilder.} cxd4 24. Rb2 g6 25. Qb6 Qe7 26. Qxd4 Ra4 27. Bf1) 23... Qxd4+ 24. Qxd4 cxd4 25. Rxd4 Rxa2 26. Rxd6 Rc2 27. Rd4 {White is more active.} Be6 28. Bf1 (28. e5 $16) 28... Rc8 $2 {This move loses the game for Black.} ({Black should play} 28... g6 $1 $14) 29. Bd3 $1 $18 ({Much less strong is} 29. Rxb7 $6 h5 30. Bd3 Rc1+ 31. Kg2 Bxc4) 29... Rc3 {[%cal Re6c4] [#]} 30. Rb4 {aiming for f5.} ({Don't play} 30. Rxb7 $6 g6 31. Kg2 h5) 30... g6 {[#]} 31. f5 $1 ({Not} 31. Rxb7 Bxc4 32. Bxc4 R3xc4 33. Rxc4 Rxc4 $16) 31... gxf5 32. exf5 Rxd3 33. Rxd3 Bxf5 {[%mdl 4096] Endgame KRR-KRB} 34. Rd4 Rc7 35. Rb5 Be6 36. Rg5+ Kf8 37. c5 Ba2 38. Kf2 Bb1 39. g4 Bg6 40. Rd6 Kg7 41. Rgd5 Be4 42. Re5 Bc6 (42... Bc2 {was worth a try.} 43. h4 Kf8) 43. Rg5+ {White is clearly winning.} Kf8 44. Rd8+ Ke7 45. Rh8 Kf6 46. h4 Be4 47. Re8 Bc6 48. Rd8 Bd7 49. Rh8 Be6 50. Rxh7 Rc6 51. Rh6+ Ke7 52. Rh8 {Hoping for h5.} b6 53. h5 Kf6 54. Rhg8 {Weighted Error Value: White=0.06 (flawless) /Black=0.24 (precise)} 1-0

[Event "Vienna GM February 2022"]
[Site "Vienna"]
[Date "2022.02.22"]
[Round "6.5"]
[White "Kraus, Tomas"]
[Black "Sahidi, Samir"]
[Result "1-0"]
[WhiteElo "2477"]
[BlackElo "2432"]
[Annotator "TA"]
[PlyCount "165"]
[EventDate "2022.02.16"]
[EventType "tourn"]
[EventCountry "AUT"]
[SourceTitle "playchess.com"]
[Source "ChessBase"]
[SourceQuality "1"]

{[%evp 16,165,12,15,20,11,36,20,35,26,48,44,48,48,45,45,53,47,63,54,77,65,89,67,79,60,64,56,146,128,145,146,135,86,86,86,112,86,86,86,86,74,72,58,58,0,86,86,86,72,94,94,94,94,94,94,94,0,94,94,94,94,109,94,102,94,94,94,102,94,94,94,94,94,94,94,94,94,94,94,94,94,94,94,94,94,94,88,88,88,175,175,175,175,175,150,150,150,185,176,393,396,358,356,324,226,348,333,358,359,332,189,210,181,190,124,107,107,160,162,145,83,425,435,414,324,531,543,536,529,500,414,1367,1326,1279,1253,1887,1621,2495,2254,4627,4622,29976,29976,29982,29983,29983,29984,29986,29982,29978,6227]} 1. e4 c6 2. d4 d5 3. exd5 cxd5 4. Bd3 Nc6 5. c3 Nf6 6. Ne2 g6 7. O-O Bg7 8. Nd2 O-O 9. Nf3 Bg4 {B13: Caro-Kann: Exchange Variation and Panov-Botvinnik Attack.} 10. Ne5 {[#]} Qc7 $146 ({Predecessor:} 10... Nxe5 11. dxe5 Nd7 12. f3 Be6 13. f4 Nc5 14. Bc2 Qc8 15. Nd4 Bg4 16. Qe1 Ne6 17. Nb3 {1-0 (62) Krivanek,V (2107)-Laurincova,K (1854) Ricany 2017}) 11. f3 Bd7 {The position is equal.} 12. Bf4 {[%cal Oe5g6] Nxg6! is the strong threat.} Qb6 13. Qb3 e6 14. Qxb6 axb6 15. g4 Rfd8 16. a3 Ne8 17. g5 Na5 18. h4 ({Much worse is} 18. Nxd7 Rxd7 19. Kg2 Bf8 $14) 18... Ba4 19. Rae1 Nd6 20. Ng3 Nac4 21. Bxc4 dxc4 (21... Nxc4 $14 22. Nxc4 dxc4) 22. Rf2 $16 Bc6 23. h5 Bd5 24. h6 (24. Ng4 $142) 24... Bf8 25. Ng4 {Hoping for Nf6+.} Be7 26. Kg2 Ne8 27. Ne4 Ra5 28. Ref1 Rd7 29. Ne5 {Pair of Knights!} Rd8 30. Ng4 {Prevents f6.} ({White should play} 30. Re2 $14) 30... Bc6 (30... Rd7 $1 $11) 31. Kg3 Kf8 32. Be5 Rd7 33. Kh4 Bd8 34. Re1 {[%cal Bf1e1,Be1e2,Be2d2,Bd2c2,Bc2c1,Bc1g1,Bg1g4,Bg4f4][%mdl 32]} Bd5 35. Rfe2 Bc6 36. Rf2 Bd5 $1 37. Ree2 Bc6 38. Rd2 Bd5 39. Rc2 Kg8 40. Rc1 Kf8 41. Rg1 Kg8 42. Bf6 {White is much more active.} Bc7 43. Ne5 Bxe5 44. Bxe5 ({But not} 44. dxe5 Bxe4 45. fxe4 Ra8 $11) 44... Kf8 45. Rg4 Bc6 46. Rf4 Kg8 47. Re2 Bd5 48. Nf2 Bc6 49. Ng4 Rd8 50. Kg3 Rd7 51. Kh3 Rd8 52. Kh4 Bd5 (52... Raa8 $16) 53. Bf6 $18 {[%cal Be5f6,Bf6e7,Be7b4][%mdl 32]} Rc8 54. Be7 $1 {aiming for Ne5.} Rc7 55. Bb4 Ra8 56. Ne3 $1 Bc6 57. Nxc4 {[%cal Oe2e6] Strongly threatening Rxe6!} Bxf3 $2 (57... Bb5 {was necessary.}) 58. Rxf3 Rxc4 {[#]} 59. Rxe6 $3 {[%mdl 512]} Rxb4 {[#]} 60. Rxe8+ $1 {[%mdl 512]} Rxe8 61. axb4 {[%mdl 4096] Endgame KR-KR} f5 62. gxf6 {Intending f7+ and mate.} Kf7 63. Rf2 {To avoid Re2} (63. b5 $142) 63... Re1 64. Kg3 b5 65. Kg2 Re3 66. Kf1 {To avoid Re1+. And now Re2 would win.} Rh3 {[#]} 67. Re2 $1 Rxh6 68. Kg2 (68. Re5 $142) 68... Rh4 $2 {[%mdl 8192] [#] Loses the game.} (68... Rh5 $16) 69. Re5 $1 Kxf6 70. Rxb5 Re4 $2 (70... h5 71. Rxb7 Rg4+ 72. Kf3 Rh4) 71. Rxb7 h5 72. Kf3 {Prevents Re2.} Re8 73. b5 {[%cal Bb4b5,Bb5b6,Bb6b7][%mdl 32]} Kg5 (73... g5 $142 74. b6 h4) 74. b6 Rf8+ 75. Kg2 Kg4 76. Rh7 Re8 77. b4 h4 78. b7 g5 79. c4 {[%cal Bc3c4,Bc4c5][%mdl 32] White mates.} Rb8 80. c5 h3+ 81. Kh2 Re8 82. Rxh3 Re2+ 83. Kg1 {Weighted Error Value: White=0.08 (flawless) /Black=0.14 (very precise)} 1-0

[Event "Vienna GM February 2022"]
[Site "Vienna"]
[Date "2022.02.23"]
[Round "7.1"]
[White "Dragnev, Valentin"]
[Black "Sahidi, Samir"]
[Result "1-0"]
[WhiteElo "2533"]
[BlackElo "2432"]
[Annotator "TA"]
[PlyCount "117"]
[EventDate "2022.02.16"]
[EventType "tourn"]
[EventCountry "AUT"]
[SourceTitle "playchess.com"]
[Source "ChessBase"]
[SourceQuality "1"]

{[%evp 16,117,48,0,28,38,30,40,39,40,37,42,33,33,48,43,47,35,43,37,29,43,67,80,93,85,89,93,102,107,107,54,82,73,112,52,52,52,118,112,110,111,100,102,113,110,112,119,113,109,104,104,112,113,110,120,119,114,131,115,117,117,228,232,237,238,223,228,221,226,232,188,189,164,582,545,615,592,620,612,591,562,596,574,1236,1225,1020,963,1705,1426,1374,2041,1848,1648,2431,1633,29982,29983,29983,29984,29985,29983,29984,29982]} 1. e4 e5 2. Nf3 Nc6 3. Bb5 a6 4. Ba4 Nf6 5. O-O b5 6. Bb3 Bc5 7. c3 d6 8. d4 Bb6 9. Be3 (9. a4 $14) 9... Bb7 {C78: Ruy Lopez: Archangelsk and Möller Defences.} 10. d5 Ne7 11. Bxb6 cxb6 {White is slightly better.} 12. Nbd2 O-O 13. a4 bxa4 14. Bxa4 b5 15. Bc2 {[#]} h6 $146 ({Predecessor:} 15... Qc7 16. Bd3 Nd7 17. Re1 h6 18. Nh4 Nc5 19. Bc2 Ng6 20. Nf5 Bc8 21. Re3 Nd7 {1-0 (38) Hakobyan,A (2612)-Puranik,A (2580) Riga 2021}) 16. c4 Qb6 17. Bd3 Nd7 18. Qe2 {[%cal Rc4b5]} Ng6 {Threatens to win with ...Nf4.} 19. g3 {[%cal Rc4b5] Prevents Nf4.} ({Much worse is} 19. cxb5 Nf4 20. Qd1 Nc5 $15) 19... b4 20. Nb3 a5 21. Ra4 Nc5 22. Nxc5 dxc5 23. h4 (23. Qe3 $16) 23... Qc7 24. Nd2 {And now Rfa1 would win.} Bc8 25. Rfa1 (25. Ra2 $16) 25... Bd7 $14 26. R4a2 Ra6 {White leaves nothing to chance now.} (26... Ra7 $14) 27. Bc2 $1 $16 Rfa8 28. Ba4 $1 Bxa4 29. Rxa4 Nf8 {[%cal Bg6f8,Bf8d7,Bd7f6][%mdl 32]} 30. Nb3 Nd7 31. Qd1 Nf6 32. Qe1 Kh7 33. R1a2 Kg8 34. Kg2 R8a7 35. Kf3 Qc8 36. Rxa5 Rxa5 37. Rxa5 Rxa5 38. Nxa5 Qg4+ (38... Qa6 $16 {might work better.}) 39. Kg2 $18 Qxe4+ 40. Qxe4 Nxe4 {[%mdl 4096] Endgame KN-KN} 41. Nb7 {To avoid Nd6} Kf8 {[#]} 42. b3 $1 Ke7 43. f3 Nd2 44. Nxc5 f5 $2 (44... Kd6 45. Nb7+ Kc7) 45. Kf2 Kd6 46. Nb7+ Kc7 {[#]} 47. Na5 e4 48. f4 Kd6 49. Ke3 Nf1+ 50. Kd4 e3 51. c5+ Kc7 52. Kd3 e2 53. Kxe2 Nxg3+ 54. Ke3 Ne4 55. Kd4 {Strongly threatening d6+.} g5 56. fxg5 {White mates.} hxg5 57. hxg5 Nxg5 58. Ke5 Nf3+ 59. Kxf5 {Weighted Error Value: White=0.05 (flawless) /Black=0.42} 1-0

[Event "Vienna GM February 2022"]
[Site "Vienna"]
[Date "2022.02.23"]
[Round "7.3"]
[White "Horvath, Dominik"]
[Black "Nagy, Gabor"]
[Result "1/2-1/2"]
[WhiteElo "2483"]
[BlackElo "2530"]
[Annotator "TA"]
[PlyCount "16"]
[EventDate "2022.02.16"]
[EventType "tourn"]
[EventCountry "AUT"]
[SourceTitle "playchess.com"]
[Source "ChessBase"]
[SourceQuality "1"]

{[%evp 15,16,0,28]} 1. d4 Nf6 2. c4 g6 3. Nc3 d5 4. Nf3 Bg7 {[#]} 5. Qa4+ $146 ({Predecessor:} 5. cxd5 Nxd5 6. e4 Nxc3 7. bxc3 c5 8. Be3 Qa5 9. Nd2 O-O 10. Nb3 Qxc3+ 11. Bd2 Qb2 12. Bc1 Qc3+ 13. Bd2 Qb2 14. Bc1 {½-½ (14) Rapport,R (2763)-Giri,A (2772) Wijk aan Zee 2022}) 5... Bd7 6. Qd1 Bc8 7. Qa4+ {7.e4 is setting a new trend.} Bd7 8. Qd1 Bc8 1/2-1/2

[Event "Vienna GM February 2022"]
[Site "Vienna"]
[Date "2022.02.24"]
[Round "7.4"]
[White "Menezes, Christoph"]
[Black "Baumegger, Siegfried"]
[Result "1-0"]
[WhiteElo "2415"]
[BlackElo "2464"]
[Annotator "RC"]
[PlyCount "107"]
[EventDate "2022.02.16"]
[EventType "tourn"]
[EventCountry "AUT"]
[SourceTitle "playchess.com"]
[Source "ChessBase"]
[SourceQuality "1"]
[TimeControl "40/5400+30:1800+30"]

1. d4 {[%emt 0:04:48]} Nf6 {[%emt 0:00:14]} 2. c4 {[%emt 0:00:14]} g6 {[%emt 0:00:10]} 3. Nc3 {[%emt 0:00:41]} d5 {[%emt 0:00:12]} 4. Nf3 {[%emt 0:03:22]} Bg7 {[%emt 0:00:06]} 5. cxd5 {[%emt 0:00:41]} Nxd5 {[%emt 0:00:06]} 6. e4 {[%emt 0:01:03]} Nxc3 {[%emt 0:00:06]} 7. bxc3 {[%emt 0:00:03]} c5 {[%emt 0:00:09]} 8. Be3 {[%emt 0:00:35]} Qa5 {[%emt 0:00:20]} 9. Nd2 {[%emt 0:01:27]} Nd7 {[%emt 0:03:59]} 10. Nb3 {[%emt 0:00:35]} Qc7 {[%emt 0:03:13]} 11. Be2 {[%emt 0:00:54]} O-O {[%emt 0:00:44]} 12. O-O {[%emt 0:00:35]} b6 {[%emt 0:05:17]} 13. f4 {[%emt 0:14:44]} Bb7 {[%emt 0:05:06]} 14. Bf3 {[%emt 0:00:58]} e6 {[%emt 0:14:29]} 15. e5 {[%emt 0:03:20]} Rac8 {[%emt 0:05:38]} 16. dxc5 {[%emt 0:09:05]} Rfd8 {[%emt 0:04:44]} 17. Qe2 {[%emt 0:10:15]} Bf8 {[%emt 0:12:59]} 18. cxb6 {[%emt 0:03:41]} Nxb6 {[%emt 0:00:20]} 19. Bxb7 {[%emt 0:00:31]} Qxb7 {[%emt 0:00:11]} 20. Bd4 {[%emt 0:00:24]} Nd5 {[%emt 0:02:36]} 21. Qf3 {[%emt 0:04:04]} Qc7 {[%emt 0:05:21]} 22. Rac1 {[%emt 0:10:53]} Ba3 {[%emt 0:02:50]} 23. Rc2 {[%emt 0:00:43]} a5 {[%emt 0:05:41]} 24. Rd2 {[%emt 0:08:52]} a4 {[%emt 0:02:39]} 25. Nc1 {[%emt 0:00:12]} Ne7 {[%emt 0:04:15]} 26. Ne2 {[%emt 0:01:20]} h5 {[%emt 0:03:41]} 27. Ng3 {[%emt 0:02:23]} Nc6 {[%emt 0:03:52]} 28. Ne4 {[%emt 0:02:19]} Nxd4 {[%emt 0:01:02]} 29. cxd4 {[%emt 0:00:37]} Bb4 {[%emt 0:00:13]} 30. Rd3 {[%emt 0:01:16]} Qc4 {[%emt 0:01:45]} 31. d5 {[%emt 0:01:46]} Qxa2 {[%emt 0:05:48]} 32. d6 {[%emt 0:01:47]} Qb2 {[%emt 0:02:18]} 33. Qg3 {[%emt 0:01:14]} Rc1 {[%emt 0:01:13]} 34. Rdd1 {[%emt 0:06:51]} Rxd1 {[%emt 0:01:20]} 35. Rxd1 {[%emt 0:00:02]} Qe2 {[%emt 0:00:45]} 36. Qf3 {[%emt 0:00:31]} Qxf3 {[%emt 0:00:38]} 37. gxf3 {[%emt 0:00:03]} a3 {[%emt 0:00:35]} 38. Ra1 {[%emt 0:00:03]} Kf8 {[%emt 0:01:19]} 39. Kf2 {[%emt 0:00:37]} Rc8 {[%emt 0:00:38]} 40. Ra2 {[%emt 0:00:53]} Rc1 {[%emt 0:01:34]} 41. Ke2 {[%emt 0:31:03]} Ke8 {[%emt 0:18:32]} 42. Kd3 {[%emt 0:00:00]} Kd7 {[%emt 0:04:39]} 43. Rc2 {[%emt 0:00:00]} Rxc2 {[%emt 0:00:15]} 44. Kxc2 {[%emt 0:00:00]} f5 {[%emt 0:07:42]} 45. Nc3 {[%emt 0:00:00]} Ba5 {[%emt 0:01:49]} 46. Ne2 {[%emt 0:00:00]} Bb4 {[%emt 0:01:19]} 47. Nc1 {[%emt 0:00:00]} Bxd6 {[%emt 0:00:27]} 48. exd6 {[%emt 0:00:00]} Kxd6 {[%emt 0:00:04]} 49. Nd3 {[%emt 0:00:46]} Kd5 {[%emt 0:00:11]} 50. h4 {[%emt 0:00:25]} Kd4 {[%emt 0:01:48]} 51. Ne5 {[%emt 0:00:37]} Ke3 {[%emt 0:00:15]} 52. Nxg6 {[%emt 0:00:26]} Kxf3 {[%emt 0:00:08]} 53. Kb3 {[%emt 0:00:25]} Ke4 {[%emt 0:01:00]} 54. Kxa3 {[%emt 0:00:15]} 1-0

[Event "Vienna GM February 2022"]
[Site "Vienna"]
[Date "2022.02.24"]
[Round "7.5"]
[White "Diermair, Andreas"]
[Black "Froewis, Georg"]
[Result "1/2-1/2"]
[WhiteElo "2469"]
[BlackElo "2449"]
[Annotator "TA"]
[PlyCount "38"]
[EventDate "2022.02.16"]
[EventType "tourn"]
[EventCountry "AUT"]
[SourceTitle "playchess.com"]
[Source "ChessBase"]
[SourceQuality "1"]

{[%evp 18,19,52,68]} 1. e4 c5 2. Nf3 Nc6 3. d4 cxd4 4. Nxd4 g6 5. c4 Bg7 6. Be3 Nf6 7. Nc3 O-O 8. Be2 b6 9. O-O Bb7 10. f3 {[#]} {Predecessor:} Rc8 $146 {B38: Sicilian: Maroczy Bind with 5...Bg7 and 7...0-0.} 11. Qd2 d6 12. Rfd1 Nd7 13. Kh1 Nxd4 14. Bxd4 Bxd4 15. Qxd4 Qc7 16. Rac1 Qc5 17. Qd2 Qe5 18. b3 Nf6 19. Qe3 g5 {1-0 (50) Andreikin,D (2724)-Quparadze,G (2476) Chess.com INT 2021} 1/2-1/2

[Event "Vienna GM February 2022"]
[Site "Vienna"]
[Date "2022.02.24"]
[Round "8.1"]
[White "Baumegger, Siegfried"]
[Black "Dragnev, Valentin"]
[Result "1/2-1/2"]
[WhiteElo "2464"]
[BlackElo "2533"]
[Annotator "TA"]
[PlyCount "51"]
[EventDate "2022.02.16"]
[EventType "tourn"]
[EventCountry "AUT"]
[SourceTitle "playchess.com"]
[Source "ChessBase"]
[SourceQuality "1"]

{[%evp 12,51,29,14,8,10,18,11,12,14,15,8,15,13,16,16,16,16,18,18,17,16,16,18,16,15,18,13,11,14,14,10,12,8,10,0,0,0,14,0,0,0]} 1. e4 e5 2. Nf3 Nf6 3. d4 Nxe4 4. Bd3 d5 5. Nxe5 Nd7 6. Nxd7 Bxd7 7. Nd2 Nxd2 {The position is equal. C43: Petroff Defence: 3 d4.} 8. Bxd2 Qe7+ 9. Be3 Qb4+ 10. Qd2 Qxd2+ 11. Kxd2 Bd6 {[#]} 12. h4 $146 ({Predecessor:} 12. a4 a5 13. b3 c6 14. Rae1 Be6 15. f4 f5 16. g4 O-O 17. g5 h6 18. h4 {0-1 (61) Donchenko,A (2636)-Kosteniuk,A (2516) Chess.com INT 2021}) 12... f5 {[#] ...f4 is the strong threat.} 13. g3 {To avoid f4} f4 14. Bxf4 Bxf4+ 15. gxf4 {Strongly threatening Rae1+.} O-O 16. Rae1 {Black must now prevent Re7.} Rxf4 17. Re7 Rxf2+ 18. Ke1 Rf7 {[#]} 19. Bxh7+ $1 Kf8 20. Rxf7+ Kxf7 $11 {[%mdl 4096] Endgame KRB-KRB} 21. Rf1+ Ke7 22. Rg1 Kf6 23. Rf1+ Ke7 24. Rg1 Kf6 25. Rf1+ Ke7 26. Rg1 {Not much happened in this game.  Weighted Error Value: White=0.04 (flawless) /Black=0.00 (flawless)} 1/2-1/2

[Event "Vienna GM February 2022"]
[Site "Vienna"]
[Date "2022.02.24"]
[Round "8.2"]
[White "Froewis, Georg"]
[Black "Menezes, Christoph"]
[Result "1/2-1/2"]
[WhiteElo "2449"]
[BlackElo "2415"]
[Annotator "RC"]
[PlyCount "71"]
[EventDate "2022.02.16"]
[EventType "tourn"]
[EventCountry "AUT"]
[SourceTitle "playchess.com"]
[Source "ChessBase"]
[SourceQuality "1"]
[TimeControl "40/5400+30:1800+30"]

1. Nf3 {[%emt 0:00:04]} Nf6 {[%emt 0:00:17]} 2. c4 {[%emt 0:00:05]} g6 {[%emt 0:00:14]} 3. Nc3 {[%emt 0:00:08]} d5 {[%emt 0:00:16]} 4. d4 {[%emt 0:01:28]} Bg7 {[%emt 0:00:15]} 5. h4 {[%emt 0:00:03]} c6 {[%emt 0:00:17]} 6. cxd5 {[%emt 0:00:10]} cxd5 {[%emt 0:00:06]} 7. Bf4 {[%emt 0:00:05]} Nc6 {[%emt 0:00:22]} 8. e3 {[%emt 0:00:10]} O-O {[%emt 0:00:15]} 9. Be2 {[%emt 0:00:10]} Bg4 {[%emt 0:00:29]} 10. Qb3 {[%emt 0:00:08]} Qd7 {[%emt 0:00:46]} 11. Ne5 {[%emt 0:04:21]} Nxe5 {[%emt 0:00:33]} 12. dxe5 {[%emt 0:00:07]} Ne4 {[%emt 0:00:30]} 13. f3 {[%emt 0:05:41]} Nxc3 {[%emt 0:00:26]} 14. Qxc3 {[%emt 0:00:05]} Be6 {[%emt 0:00:11]} 15. Qd4 {[%emt 0:03:10]} Rfc8 {[%emt 0:04:27]} 16. O-O {[%emt 0:08:40]} Qc7 {[%emt 0:04:09]} 17. Rfd1 {[%emt 0:02:01]} Qc5 {[%emt 0:04:10]} 18. Rd2 {[%emt 0:11:33]} f6 {[%emt 0:08:58]} 19. Rad1 {[%emt 0:04:47]} Kf7 {[%emt 0:06:53]} 20. Kf2 {[%emt 0:13:37]} Rc6 {[%emt 0:03:33]} 21. h5 {[%emt 0:08:22]} g5 {[%emt 0:04:27]} 22. Bg3 {[%emt 0:10:09]} Qxd4 {[%emt 0:01:38]} 23. exd4 {[%emt 0:00:12]} f5 {[%emt 0:00:11]} 24. Bb5 {[%emt 0:06:12]} Rc7 {[%emt 0:01:47]} 25. Ke2 {[%emt 0:00:36]} h6 {[%emt 0:01:10]} 26. Bd3 {[%emt 0:04:33]} Rac8 {[%emt 0:03:04]} 27. b3 {[%emt 0:02:38]} Rc3 {[%emt 0:04:48]} 28. Be1 {[%emt 0:02:16]} Bd7 {[%emt 0:01:39]} 29. Rb2 {[%emt 0:00:37]} R3c7 {[%emt 0:00:46]} 30. Ba5 {[%emt 0:00:41]} b6 {[%emt 0:00:39]} 31. Bd2 {[%emt 0:00:11]} e6 {[%emt 0:01:31]} 32. Ba6 {[%emt 0:02:19]} Rb8 {[%emt 0:00:48]} 33. Bb4 {[%emt 0:01:31]} Bf8 {[%emt 0:01:08]} 34. Bxf8 {[%emt 0:01:13]} Kxf8 {[%emt 0:00:09]} 35. Bd3 {[%emt 0:00:30]} Rbc8 {[%emt 0:09:04]} 36. Kd2 {[%emt 0:00:25]} 1/2-1/2

[Event "Vienna GM February 2022"]
[Site "Vienna"]
[Date "2022.02.24"]
[Round "8.3"]
[White "Nagy, Gabor"]
[Black "Diermair, Andreas"]
[Result "1/2-1/2"]
[WhiteElo "2530"]
[BlackElo "2469"]
[Annotator "TA"]
[PlyCount "33"]
[EventDate "2022.02.16"]
[EventType "tourn"]
[EventCountry "AUT"]
[SourceTitle "playchess.com"]
[Source "ChessBase"]
[SourceQuality "1"]

{[%evp 22,33,1,0,4,3,8,0,0,0,11,0,0,0]} 1. d4 Nf6 2. c4 e6 3. Nc3 d5 4. cxd5 exd5 5. Bg5 Be7 6. e3 c6 7. Qc2 Nbd7 {[%cal Bb8d7,Bd7f8,Bf8e6][%mdl 32]} 8. Bd3 O-O 9. Nge2 Re8 10. O-O Nf8 11. f3 g6 $1 {[%mdl 4] outshines the older 11...Be6.} 12. Rad1 {The position is equal.} Ne6 {D36: Queen's Gambit Declined: Exchange Variation: Main line (5 Bg5 c6 6 Qc2).} 13. Bh4 b5 14. Kh1 {14.Rfe1 is vanishing.} Bb7 15. Bf2 Rc8 16. a3 a5 {[#]} 17. h3 $146 {Not much happened in this game.  Weighted Error Value: White=0.04 (flawless) /Black=0.02 (flawless)} ({Predecessor:} 17. Qb3 Nh5 18. f4 b4 19. axb4 axb4 20. f5 gxf5 21. Na4 Nhg7 22. Qc2 Ra8 23. b3 {½-½ (46) Munoz Moreno,F (2525)-Velilla Velasco,F (2566) ICCF email 2010}) 1/2-1/2